| 000 | 00749nam a2200169Ia 4500 | ||
|---|---|---|---|
| 008 | 090201s9999 xx 000 0 und d | ||
| 010 | _aKPL-28148 | ||
| 040 | _bमराठी | ||
| 041 | _aमराठी | ||
| 082 |
_a28964 _b28148 |
||
| 100 | _aब्रम्हीभुत केवलविद सरस्वती | ||
| 245 |
_aअद्वैत सिद्धी अविष्कार _cब्रम्हीभुत केवलविद सरस्वती |
||
| 260 |
_c2004 _bमहाराष्ट्र राज्य साहित्य आणि संस्कृती मंडळ. |
||
| 300 |
_a728 _bमोठा |
||
| 600 | _aअद्वैत सिद्धी अविष्कार | ||
| 942 | _cBOOK | ||
| 999 |
_c227625 _d227625 |
||